000 00777cab a22001935a 4500
001 L155937
008 230412e20120127xxkd f 000 0 eng d
035 _a(Sirsi) u155937
041 0 _aeng
100 1 _aFordham, Peter
245 0 0 _aMarket forecast
_bspring hasn't sprung
260 _c2012
490 0 _aBuilding
_v277(8724) 20 April 2012, 48-50(3)
520 _aFears over the eurozone crisis may be subsiding, but construction is still in for a miserable year, with £5.4bn less work than 2011. Executive summary, trends and forecast, hot topic: the budget one month on, construction output and new orders, and building cost index. Davis Langdon Index Series.
590 _aKA
651 4 _aUnited Kingdom
_y
690 _aConstruction management
_96230
942 _n0
999 _c83933
_d83933